000 00346pam a2200157a 44500
008 230405s2002 xxu||||| |||| 00| 0 eng d
041 _aENG
100 _asusan annunzio
245 _aEvolutionary leadership
250 _a1
260 _a
_bTexere pub.
_c2002
300 _a242p,24cms
440 _a1195
690 _aIMRDA
906 _a2787
999 _c255646
_d255646